000
00299nam a22001337a 4500
008
170713b xxu||||| |||| 00| 0 eng d
020
_a
0691020213
041
_a
eng
080
_a
1(091)
100
_a
24
101
_a
FIL
245
_a
A HISTORY OF CHINESE PHILOSOPHY
_c
YU-LAN,F
942
_2
udc
_c
BK
999
_c
20661
_d
20661